ბათუმის შოთა რუსთაველის სახელმწიფო უნივერსიტეტის ბიბლიოთეკა

Общая физиотерапия (ბიბ.ჩანაწერი № 45428)

000 -LEADER
fixed length control field 00636nam a2200241Ia 4500
001 - CONTROL NUMBER
control field 12252
003 - CONTROL NUMBER IDENTIFIER
control field GE_BSU
008 - FIXED-LENGTH DATA ELEMENTS--GENERAL INFORMATION
fixed length control field 181216s||||||||xx |||||||||||||| ||und||
020 ## - INTERNATIONAL STANDARD BOOK NUMBER
International Standard Book Number 9785970431672
040 ## - CATALOGING SOURCE
Transcribing agency GE_BSU
080 ## - UNIVERSAL DECIMAL CLASSIFICATION NUMBER
Universal Decimal Classification number 615.83(075.8)
100 ## - MAIN ENTRY--PERSONAL NAME
Personal name Пономаренко,Г.Н.
245 ## - TITLE STATEMENT
Title Общая физиотерапия
245 ## - TITLE STATEMENT
Remainder of title Учебник
250 ## - EDITION STATEMENT
Edition statement 5-ое дополн.и перераб.
260 ## - PUBLICATION, DISTRIBUTION, ETC.
Place of publication, distribution, etc. Москва
260 ## - PUBLICATION, DISTRIBUTION, ETC.
Name of publisher, distributor, etc. Геотар-Медиа
260 ## - PUBLICATION, DISTRIBUTION, ETC.
Date of publication, distribution, etc. 2014
300 ## - PHYSICAL DESCRIPTION
Extent 365стр.илл.21см.
653 ## - INDEX TERM--UNCONTROLLED
Uncontrolled term Общая физиотерапия
942 ## - ADDED ENTRY ELEMENTS (KOHA)
Koha item type წიგნი
ეგზემპლარები
Withdrawn status Lost status Damaged status Not for loan Date acquired Barcode Date last seen Price effective from Koha item type
        2018-12-17 36187 2018-12-17 2018-12-17 წიგნი
        2018-12-17 36188 2018-12-17 2018-12-17 წიგნი
        2018-12-17 36189 2018-12-17 2018-12-17 წიგნი
        2018-12-17 36190 2018-12-17 2018-12-17 წიგნი
        2018-12-17 36191 2018-12-17 2018-12-17 წიგნი
        2018-12-17 36192 2018-12-17 2018-12-17 წიგნი